| 000 | 00939nam a2200337 a 4500 | ||
|---|---|---|---|
| 003 | AR-BaBNM | ||
| 005 | 20251128205316.0 | ||
| 008 | 082120s2002 ||||||||||||||000 | spa|| | ||
| 020 | _a84-7046-375-6 | ||
| 040 | _cAR-BaBNM | ||
| 245 | 0 | 0 |
_aTren Trotron _bmódulo 3 _n1 |
| 260 |
_aBuenos Aires _bCincel _c1992 |
||
| 300 | _bil. | ||
| 500 | _aCarece de paginación | ||
| 500 | _aContiene plantillas para recortar | ||
| 521 | _aINICIAL | ||
| 650 | 4 | _aCOORDINACION SENSOMOTRIZ | |
| 650 | 4 | _aPERCEPCION VISUAL | |
| 650 | 4 | _aEXPRESION ORAL | |
| 650 | 4 | _aACTIVIDADES DE APRENDIZAJE | |
| 653 | _aNIVEL INICIAL | ||
| 653 | _aORGANIZACION DEL ESPACIO ESCOLAR | ||
| 653 | _aEDUCACION PLASTICA | ||
| 700 | 1 | _aLópez García, Carolina | |
| 700 | 1 | _aMatías Mateos, Consuelo | |
| 700 | 1 | _aJaén Jiménez, Teresa | |
| 700 | 1 | _aMartínez Igualada, Carmen | |
| 700 | 1 | _aParrondo Soriguren, Pilar | |
| 942 | _cBK | ||
| 998 | _cmau | ||
| 999 |
_c10858 _d10858 |
||